Southville International School and Colleges
Your cart is empty.
  • Cart
  • Lists
    Public lists Eva Luna New books Lux_list list_1
    Your lists Log in to create your own lists
  • Log in to your account
  • Your cookies
  • Search history
Southville International School and Colleges
  • Advanced search
  • Recent comments
  • Most popular
  • Libraries

Log in to your account

Log in with GOOGLE


If you do not have an external account, but do have a local account, you can still log in:

  1. Home
  2. MARC view: Dr. Jekyll and Mr. Hyde and other stories /
Normal view MARC view ISBD view

Dr. Jekyll and Mr. Hyde and other stories / (Record no. 7801)

[ view plain ]
MARC details
000 -LEADER
fixed length control field 01378cam a2200385 a 4500
001 - CONTROL NUMBER
control field 1114206
003 - CONTROL NUMBER IDENTIFIER
control field OSt
005 - DATE AND TIME OF LATEST TRANSACTION
control field 20140310181947.0
008 - FIXED-LENGTH DATA ELEMENTS--GENERAL INFORMATION
fixed length control field 930526s1992 enk 000 0 eng
010 ## - LIBRARY OF CONGRESS CONTROL NUMBER
LC control number 93159075
020 ## - INTERNATIONAL STANDARD BOOK NUMBER
International Standard Book Number 9780195854299
040 ## - CATALOGING SOURCE
Original cataloging agency DLC
Transcribing agency DLC
Modifying agency DLC
050 00 - LIBRARY OF CONGRESS CALL NUMBER
Classification number PR 5482
Item number .St847 1992
082 00 - DEWEY DECIMAL CLASSIFICATION NUMBER
Classification number KF
Item number St4o #4
100 1# - MAIN ENTRY--PERSONAL NAME
Personal name Stevenson, Robert Louis,
Dates associated with a name 1850-1894.
9 (RLIN) 4080
245 14 - TITLE STATEMENT
Title Dr. Jekyll and Mr. Hyde and other stories /
Statement of responsibility, etc Robert Louis Stevenson.
260 ## - PUBLICATION, DISTRIBUTION, ETC. (IMPRINT)
Place of publication, distribution, etc Hong Kong :
Name of publisher, distributor, etc Oxford University Press,
Date of publication, distribution, etc c1992.
300 ## - PHYSICAL DESCRIPTION
Extent 105 p. :
Dimensions 21 cm.
Other physical details ill. ;
490 0# - SERIES STATEMENT
Series statement Everyman's library
500 ## - GENERAL NOTE
General note Includes bibliographical references.
541 ## - IMMEDIATE SOURCE OF ACQUISITION NOTE
-- 1
541 ## - IMMEDIATE SOURCE OF ACQUISITION NOTE
-- 2
562 ## - COPY AND VERSION IDENTIFICATION NOTE
Number of copies 2
650 #0 - SUBJECT ADDED ENTRY--TOPICAL TERM
Topical term or geographic name as entry element Physicians
Form subdivision Fiction.
9 (RLIN) 4081
650 #0 - SUBJECT ADDED ENTRY--TOPICAL TERM
Topical term or geographic name as entry element Multiple personality
Form subdivision Fiction.
9 (RLIN) 4082
650 #0 - SUBJECT ADDED ENTRY--TOPICAL TERM
Topical term or geographic name as entry element Self-experimentation in medicine
Form subdivision Fiction.
9 (RLIN) 4083
651 #0 - SUBJECT ADDED ENTRY--GEOGRAPHIC NAME
Geographic name London (England)
Form subdivision Fiction.
9 (RLIN) 4084
655 #7 - INDEX TERM--GENRE/FORM
Genre/form data or focus term Psychological fiction.
Source of term lcsh
9 (RLIN) 2883
655 #7 - INDEX TERM--GENRE/FORM
Genre/form data or focus term Horror fiction.
Source of term gsafd
9 (RLIN) 3405
700 1# - ADDED ENTRY--PERSONAL NAME
Personal name Harman, Claire.
9 (RLIN) 4085
856 42 - ELECTRONIC LOCATION AND ACCESS
Materials specified Contributor biographical information
Uniform Resource Identifier <a href="http://www.loc.gov/catdir/enhancements/fy1011/93159075-b.html">http://www.loc.gov/catdir/enhancements/fy1011/93159075-b.html</a>
906 ## - LOCAL DATA ELEMENT F, LDF (RLIN)
a 7
b cbc
c orignew
d 3
e ncip
f 19
g y-gencatlg
942 ## - ADDED ENTRY ELEMENTS (KOHA)
Source of classification or shelving scheme Library of Congress Classification
Koha item type
Call number prefix
Holdings
Withdrawn status Lost status Source of classification or shelving scheme Damaged status Home library Current library Shelving location Date acquired Total Checkouts Full call number Barcode Date last seen Copy number Price effective from Koha item type
    Library of Congress Classification   Luxembourg Library Luxembourg Library Kids Fiction Section 07/25/2013   PR 5482 .St847 1992 10235 08/13/2013 1 07/25/2013 Books
    Library of Congress Classification   Luxembourg Library Luxembourg Library Kids Fiction Section 07/25/2013   PR 5482 .St847 1992 3034 08/13/2013 2 07/25/2013 Books

Dr. Jekyll and Mr. Hyde and other stories /

APA

Stevenson R. L., Harman C., . (1992). Dr. Jekyll and Mr. Hyde and other stories. Hong Kong: Oxford University Press.

Chicago

Stevenson Robert Louis, Harman Claire, . 1992. Dr. Jekyll and Mr. Hyde and other stories. Hong Kong: Oxford University Press.

Harvard

Stevenson R. L., Harman C., . (1992). Dr. Jekyll and Mr. Hyde and other stories. Hong Kong: Oxford University Press.

MLA

Stevenson Robert Louis, Harman Claire, . Dr. Jekyll and Mr. Hyde and other stories. Hong Kong: Oxford University Press. 1992.

  • Place hold
  • Print
  • Cite
  • Add to your cart (remove)
  • Save record
    BIBTEX Dublin Core MARCXML MARC (non-Unicode/MARC-8) MARC (Unicode/UTF-8) MARC (Unicode/UTF-8, Standard) MODS (XML) RIS
  • More searches
    Search for this title in:
    Other Libraries (WorldCat) Other Databases (Google Scholar) Online Stores (Bookfinder.com) Open Library (openlibrary.org)

Exporting to Dublin Core...

SOUTHVILLE LIBRARY

Southville International School and Colleges Library

1281 Tropical Ave. Cor. Luxembourg St., BF Homes International, Las Pinas City

Tel. No. 8256374 / 252358 Loc. 117/146

Powered by Koha